Breakin’ Dishes - Rihanna - All Lyrics - Statistics

General Stats
  • This quiz has been taken 269 times
  • The average score is 344 of 421
Answer Stats
Answer % Correct
a
99%
A
99%
ah,
99%
ah
99%
I
99%
(I
99%
oh
99%
ow)
99%
Ow-ow
99%
(Ow-ow)
99%
(Ow-ow-ow)
99%
(Uh-huh)
99%
breakin'
98%
Breakin',
98%
breakin',
98%
dishes
98%
Dishes,
98%
dishes,
98%
(Dishes,
98%
dishes)
98%
oh
97%
I'm
96%
I’m
96%
I'ma
96%
ha,
95%
(Ha)
95%
all
94%
man
94%
man,
94%
Man,
94%
night
92%
He
91%
he
91%
don't
90%
gon'
90%
know
90%
know,
90%
stop
90%
you
89%
ain't
88%
see
88%
who
88%
am
87%
(Am
87%
am,
87%
am)
87%
police
86%
until
86%
fight
85%
Fight
85%
lights
85%
think
85%
in
83%
up
83%
And
81%
and
81%
to
80%
here,
76%
been
74%
home
72%
home,
72%
it
72%
3:30
71%
(3:30)
71%
But
71%
now
70%
Now
70%
at
68%
come
67%
come,
67%
is
67%
Is
67%
the
67%
babe
66%
baby,
66%
cool,
66%
get
66%
I've
65%
lately
65%
fool
64%
on
64%
super
63%
coming
62%
gone
62%
(Gone)
62%
since
62%
tonight,
62%
tonight
62%
your
61%
for
60%
cheatin'?
58%
this,
56%
this
56%
names
55%
down
54%
taking
54%
lookin'
53%
can't
52%
hot,
52%
just
52%
blow
50%
Blow
50%
house,
50%
house
50%
what
50%
else
49%
fire
49%
he's
49%
throw
49%
bit
48%
right
48%
'round
48%
something
48%
If
47%
damn
46%
give
46%
out
46%
twisted,
46%
really
45%
never
44%
believe
43%
burnin'
43%
flame,
43%
marshmallows
43%
trippin',
43%
demented,
42%
getting
42%
kickin'
42%
still
42%
waitin',
41%
door
40%
every
40%
lil'
40%
clothes
39%
through
39%
restless,
38%
well,
38%
bleachin'
36%
checks
36%
always
35%
attire
35%
roastin'
35%
time,
35%
huff
34%
tested
33%
killin'
32%
puff
32%
asses,
11%
No matching quizzes found
Score Distribution
Percent of People with Each Score
Percentile by Number Answered
Your Score History
You have not taken this quiz